| 000 | 00714nac a22002051u 4500 | ||
|---|---|---|---|
| 010 | _a 90034921 | ||
| 020 | _a0631177590 : | ||
| 020 | _a0631177612 (pbk.) : | ||
| 082 | 0 | 0 |
_a330 _bB1671 |
| 090 |
_c4667 _d4667 |
||
| 100 | _aBaker, T. E., | ||
| 245 | 1 | 0 |
_aEconomics for professional examinations / _cT.E. Baker. |
| 260 |
_aOxford, OX, UK ; _aCambridge, Mass., USA : _bB. Blackwell,1991. _c1991. |
||
| 300 |
_aviii, 200 p. : _bill. ; _c26 cm. |
||
| 500 | _aIncludes index. | ||
| 650 | 0 | _aEconomics. | |
| 650 | 0 |
_aEconomics _xExaminations, questions, etc. |
|
| 942 |
_cBB _k330B1671 |
||
| 999 |
_c4667 _d4667 |
||